000 00604nam a2200205Ia 4500
008 220216s9999 xx 000 0 und d
100 _aSeneviratne P
245 4 _aThe Clonal composition of budwood nurseries and its role on the productivity of rubber in Sri Lanka
260 _bBulletin of the Rubber Research Institute of Sri Lanka
_c2007
300 _a7-Jan
650 _aBudwood nursery
650 _aClonal composition
650 _aSri Lanka
700 _ade Alwis M N
700 _ade Silva S A
700 _aJayalath C
700 _aWeerakoon U S
700 _aZoysa L
942 _cJS
999 _c70512
_d70512